Contabilidad básica y documentos mercantiles (Registro nro. 12419)

Detalles MARC
000 -LEADER
campo de control de longitud fija 01426nam a2200229Ia 4500
003 - IDENTIFICADOR DE NÚMERO DE CONTROL
campo de control OSt
005 - FECHA Y HORA DE LA ÚLTIMA TRANSACCIÓN
campo de control 20240920100927.0
008 - DATOS DE LONGITUD FIJA--INFORMACIÓN GENERAL
campo de control de longitud fija 220201t2002||||xx |||||||||||||| ||und||
040 ## - FUENTE DE CATALOGACIÓN
Centro catalogador/agencia de origen BoOrUTOFe
Lengua de catalogación Es
Centro/agencia transcriptor BCE
044 ## - CÓDIGO DEL PAÍS DE LA ENTIDAD EDITORA/PRODUCTORA
Código MARC del país BO
082 ## - NÚMERO DE LA CLASIFICACIÓN DECIMAL DEWEY
Número de clasificación 657/A93c
Número de ítem A93c
100 ## - ENTRADA PRINCIPAL--NOMBRE DE PERSONA
Nombre de persona Ayaviri Garcia, Daniel
245 #0 - MENCIÓN DEL TÍTULO
Título Contabilidad básica y documentos mercantiles
250 ## - MENCION DE EDICION
Mención de edición 3
260 ## - PUBLICACIÓN, DISTRIBUCIÓN, ETC.
Lugar de publicación, distribución, etc. Oruro:
Nombre del editor, distribuidor, etc. N-Dag,
Fecha de publicación, distribución, etc. 2002
300 ## - DESCRIPCIÓN FÍSICA
Extensión 486p.
Otras características físicas ilus.
Dimensiones 23 cm
500 ## - NOTA GENERAL
Nota general Incluye Índice
520 ## - RESUMEN, ETC.
Sumario, etc. Actos de comercio, requisitos para la apertura de un negocio, empresas, principios de la contabilidad generalmente aceptados, contabilidad, ecuación del balance y resultados, transacciones comerciales, la cuenta, libro diario y asientos contables, documentos mercantiles, formularios de contabilidad, asiento segun el ciclo contable, libro mayor, subcuentas, balance de comprobación de sumas y saldos, hoja de trabajo, asientos de ajuste, estados financieros, balance general, estado de resultados, contabilidad a base de efectivo y devengado, estudio de las existencias en inventarios de mercaderías de compra-venta, contabilización de asientos de ajuste, retenciones tributos fiscales del IUE, ciclo contable práctico, libros mayores, kardex de existencias, balance de comprobación de sumas y saldos, estados financieros básicos
650 ## - PUNTO DE ACCESO ADICIONAL DE MATERIA--TÉRMINO DE MATERIA
Término de materia o nombre geográfico como elemento de entrada Contabilidad-Documentos Mercantiles
655 ## - TERMINO DE INDIZACIÓN--GENERO/FORMA
Datos o término principal de género/forma Libros de Texto
942 ## - ELEMENTOS DE ENTRADA SECUNDARIOS (KOHA)
Tipo de ítem Koha Libros
Fuente del sistema de clasificación o colocación Clasificación Decimal Dewey
Existencias
Estatus retirado Estado de pérdida Fuente del sistema de clasificación o colocación Estado de daño No para préstamo Biblioteca de origen Biblioteca actual Ubicación en estantería Fecha de adquisición Número de inventario Signatura topográfica completa Código de barras Visto por última vez Copia número Precio de reemplazo Tipo de ítem Koha
No dañado Disponible Clasificación Decimal Dewey No Dañado Disponible Biblioteca Campus Economía Biblioteca Campus Economía Fondo General 04/02/2022 1850 657 /A93c BCAMP.1850 28/04/2025 Ej. 1 04/02/2022 Libros

Biblioteca Central
Dirección: Calle Cochabamba entre 6 de Octubre y Potosí s/n
Teléfono: (591-2)5281707 - 2-52-38450
Contacto: biblioteca.central@gmail.com